000 00586nam a2200205Ia 4500
008 131103s9999 xx 000 0 und d
020 _a195695844
_cRs.495.00
040 _aLoreto College
041 _aEnglish
082 _a791.43/SAA
_bLCLIB/48842
100 _aSaari,Anil
245 _aHindi cinema
_b An insider's view
_cAnil Saari,with and introduction by Partha Chatterjee
260 _aNew Delhi
_bOxford University Press
_c2009
300 _axx,222p
_c 18cm
630 _aHindi cinemas
650 _aMotion pictures
651 _aFilms
850 _aLCLIB
942 _cBK
999 _c37387
_d87866